Pivovarství

Salvato in:
Dettagli Bibliografici
Autore principale: Hlaváček, František
Natura: Libro
Lingua:lingua imprecisata
Pubblicazione: Praha SNTL 1972
Accesso online:Visualizza in OPAC
Tags: Aggiungi Tag
Nessun Tag, puoi essere il primo ad aggiungerne!!

MARC

LEADER 00000nam a2200000 a 4500
005 20260127134015.0
008 970405s1972 xx 0 und c
035 |a vtls001282212 
035 |a SNK000233651 
039 9 |a 201602111042  |b msvkbb08  |c 200710031107  |d mschk02  |y 200412271428  |z VLOAD 
040 |a SNK  |b slo  |c SNK  |d STUSCHK1  |e AACR2 
100 1 |a Hlaváček, František 
245 1 |a Pivovarství 
260 |a Praha  |b SNTL  |c 1972 
300 |a 538 s. 
910 |a SCHK95 
999 |c 1978  |d 1978